000 00744nam a22002297a 4500
005 20170124105943.0
010 _a785727
020 _c30.00
035 _a785727
037 _bCen Lib/Ret
040 _aDPL
_bEN
082 _a250.44
_bLEG
245 _aLegends of Indian buddhism :
_cedited by L.Cranmer-Byng [and] S.A.Kapadia
_btranslated from l intrtoduction a l historie du buddhisme Indien of eugene burou /
260 _aDelhi
_bEss Ess publications
_c1903
270 _aKD/6A,Ashok vihar
_bDelhi
_e110052
300 _a128p.
_c20cm(Hb)
650 _a Buddhism.
_91068
650 _aBuddhist legends
_911635
700 _aByng,L.Cranmer
_960430
700 _aKapadia S.A.
_911636
942 _2ddc
_cEN
_h250.44
_mLEG
999 _c124696
_d124696